Luật Đấu thầu năm 2005 được sửa đổi, bổ sung năm 2009

Trình bày nội dung luật đấu thầu năm 2005, luật sửa đổi, bổ sung năm 2009 bao gồm 77 điều với các phần qui định chung, lựa chọn nhà thầu, hợp đồng, quyền và nghĩa vụ của các bên trong đấu thầu, quản lí hoạt động đấu thầu......

وصف كامل

محفوظ في:
التفاصيل البيبلوغرافية
التنسيق: كتاب
اللغة:Undetermined
منشور في: Hà Nội Chính trị Quốc gia 2009
الموضوعات:
الوسوم: إضافة وسم
لا توجد وسوم, كن أول من يضع وسما على هذه التسجيلة!
Thư viện lưu trữ: Trung tâm Học liệu Trường Đại học Cần Thơ
LEADER 00947nam a2200193Ia 4500
001 CTU_148085
008 210402s9999 xx 000 0 und d
020 |c 12000 
082 |a 346.597024 
082 |b L504 
245 0 |a Luật Đấu thầu năm 2005 được sửa đổi, bổ sung năm 2009 
260 |a Hà Nội 
260 |b Chính trị Quốc gia 
260 |c 2009 
520 |a Trình bày nội dung luật đấu thầu năm 2005, luật sửa đổi, bổ sung năm 2009 bao gồm 77 điều với các phần qui định chung, lựa chọn nhà thầu, hợp đồng, quyền và nghĩa vụ của các bên trong đấu thầu, quản lí hoạt động đấu thầu... 
650 |a Procurement law,Luật đấu thầu 
650 |z Vietnam, Việt Nam 
904 |i Nguyên 
980 |a Trung tâm Học liệu Trường Đại học Cần Thơ